| 000 | 00416nam a22001457a 4500 | ||
|---|---|---|---|
| 005 | 20180529113317.0 | ||
| 008 | 180529b xxu||||| |||| 00| 0 eng d | ||
| 020 | _a81-7520-145-2 | ||
| 041 | _aeng | ||
| 100 |
_aSINGH, YOUD VIR AND OTHERS _94312 |
||
| 245 | _aBIBLIOGRAPHY OF DOCTORAL DISSERTATION SCIENCE AND TECHNOLOGY-2015 | ||
| 260 |
_aNEW DELHI _bASSOCIATION OF INDIAN UNIVERSITY |
||
| 300 | _a222P | ||
| 942 | _cBK | ||
| 999 |
_c5693 _d5691 |
||